Structural analysis (Record no. 41578)

MARC details
000 -LEADER
campo de control de longitud fija 00640nam a2200181 i 4500
001 - NÚMERO DE CONTROL
campo de control 41578
003 - IDENTIFICADOR DE NÚMERO DE CONTROL
campo de control ES-MaACL
005 - FECHA Y HORA DE LA ÚLTIMA TRANSACCIÓN
campo de control 20230906160446.0
007 - CAMPO FIJO DE DESCRIPCIÓN FÍSICA--INFORMACIÓN GENERAL
campo de control de longitud fija t|
008 - DATOS DE LONGITUD FIJA--INFORMACIÓN GENERAL
campo de control de longitud fija 030311s1956 xxk ||||1| eng d
100 1# - ENTRADA PRINCIPAL--NOMBRE DE PERSONA
Nombre de persona Cassie, W. Fisher.
9 (RLIN) 36350
245 10 - MENCIÓN DEL TÍTULO
Título Structural analysis
Resto del título : the solution of statically indeterminate structures /
Mención de responsabilidad, etc. by W. Fisher Cassie ; with a foreword by H. John Collins.
250 ## - MENCION DE EDICION
Mención de edición [2nd ed., 6th imp.].
260 ## - PUBLICACIÓN, DISTRIBUCIÓN, ETC.
Lugar de publicación, distribución, etc. London, etc. :
Nombre del editor, distribuidor, etc. Longmans, Green and Co,
Fecha de publicación, distribución, etc. [1956] (
Fabricante William Clowes)
300 ## - DESCRIPCIÓN FÍSICA
Extensión XI, 269 p. :
Otras características físicas il. ;
Dimensiones 22 cm.
700 1# - ENTRADA AGREGADA--NOMBRE PERSONAL
Nombre de persona Collins, H. John.
9 (RLIN) 39733
852 ## - LOCALIZACIÓN
Ubicación ES-MaACL
Número de control de estantería C-10988
Sublocalización o colección R.39096
Holdings
Estatus retirado Estado de pérdida Estado de daño No para préstamo Biblioteca de origen Biblioteca actual Ubicación en estantería Fecha de adquisición Fuente de adquisición Total de préstamos Signatura topográfica completa Código de barras Visto por última vez Precio de reemplazo Tipo de ítem Koha
        Biblioteca del Ateneo de Madrid Biblioteca del Ateneo de Madrid Sala Palomar 17/01/2008     C-10988 1043771 23/02/2023 23/02/2023 Libro impreso